[Event "Barcelona Sant Marti op-A 23rd"]
[Site "Barcelona"]
[Date "2023.07.19"]
[Round "7"]
[White "Fabregas Fontanet, Antonio"]
[Black "Alcala Valiente, Juan Carlos"]
[Result "1-0"]
[WhiteElo "1845"]
[BlackElo "1946"]
[PlyCount "113"]
[EventDate "2023.07.13"]
[EventType "swiss"]
[EventRounds "9"]
[EventCountry "ESP"]
[SourceTitle "CBM 215 Extra"]
[Source "ChessBase"]
[SourceDate "2023.09.30"]
[SourceVersion "1"]
[SourceVersionDate "2023.09.30"]
[SourceQuality "1"]

1. e4 c5 2. Nf3 Nc6 3. d4 cxd4 4. Nxd4 e5 5. Nb3 Nf6 6. Nc3 Bb4 7. Bd3 d5 8. exd5 Nxd5 9. 0-0 Bxc3 10. bxc3 0-0 11. Qh5 Nf6 12. Qh4 h6 13. Rb1 Qe7 14. Be3 b6 15. Rfe1 Be6 16. c4 Nd5 17. Qxe7 Ndxe7 18. c5 Nd5 19. Bd2 f5 20. Bb5 Nde7 21. Bc3 e4 22. a4 Bxb3 23. Rxb3 bxc5 24. Bc4+ Kh7 25. Rb5 Nd4 26. Rb7 Nec6 27. Bd5 Rac8 28. f3 exf3 29. gxf3 Rf6 30. Kf2 Rg6 31. Bf7 Rf6 32. h4 Nd8 33. Ree7 Nxb7 34. Rxb7 a6 35. h5 Rf8 36. Bc4 Rd8 37. Ra7 Rfd6 38. a5 R8d7 39. Ra8 g5 40. Bxa6 Rd8 41. Rxd8 Rxd8 42. Bd3 Ra8 43. a6 Kg7 44. Ba5 Nc6 45. Bb6 Nb4 46. a7 Nxd3+ 47. cxd3 f4 48. Bxc5 Kf7 49. d4 Ke6 50. Ke2 Kd5 51. Kd3 Re8 52. Be7 Kc6 53. Kc4 Kb7 54. Bc5 Re3 55. d5 Rxf3 56. d6 Rf1 57. d7 1-0

[Event "Barbera del Valles op 45th"]
[Site "Barbera del Valles"]
[Date "2023.07.09"]
[Round "6"]
[White "Alcala Valiente, Juan Carlos"]
[Black "Perez Bolanos, David"]
[Result "0-1"]
[WhiteElo "1946"]
[BlackElo "2071"]
[PlyCount "116"]
[EventDate "2023.07.04"]
[EventType "swiss"]
[EventRounds "9"]
[EventCountry "ESP"]
[SourceTitle "CBM 215 Extra"]
[Source "ChessBase"]
[SourceDate "2023.09.30"]
[SourceVersion "1"]
[SourceVersionDate "2023.09.30"]
[SourceQuality "1"]

1. d4 d5 2. c4 c6 3. Nf3 Nf6 4. Nc3 e6 5. cxd5 exd5 6. Bg5 Be7 7. e3 Bf5 8. Bd3 Bxd3 9. Qxd3 Nbd7 10. 0-0 0-0 11. Rab1 a5 12. Rfc1 h6 13. Bxf6 Bxf6 14. b4 axb4 15. Rxb4 b5 16. Qb1 Nb6 17. Nd2 Be7 18. Rb3 Nc4 19. Qd3 Bd6 20. g3 Qd7 21. e4 Nxd2 22. Qxd2 b4 23. Nd1 dxe4 24. Qc2 Rfc8 25. Re3 c5 26. Qxe4 c4 27. Rxc4 Rxa2 28. Rxc8+ Qxc8 29. Qe8+ Qxe8 30. Rxe8+ Kh7 31. Rd8 Be7 32. Rd7 Bf6 33. Kf1 Rd2 34. Ke1 Rxd4 35. Rxf7 Re4+ 36. Kd2 Re7 37. Rxe7 Bxe7 38. Nb2 Kg6 39. Nd3 Kf5 40. f3 g5 41. Ke3 Bf6 42. Nc1 Bc3 43. Nb3 Ke5 44. g4 Kd5 45. Kd3 Be5 46. h3 Bf4 47. Na1 Bc7 48. Nb3 Bb6 49. Nc1 Bd4 50. Nb3 Bb2 51. Kc2 Bc3 52. Kd3 Ke5 53. Ke3 Bb2 54. Kf2 Kd5 55. Ke3 Kc4 56. Na5+ Kc3 57. f4 Bc1+ 58. Ke4 Bxf4 0-1

[Event "Barbera del Valles op 45th"]
[Site "Barbera del Valles"]
[Date "2023.07.06"]
[Round "3"]
[White "Alcala Valiente, Juan Carlos"]
[Black "Dahale, Atul"]
[Result "0-1"]
[WhiteElo "1946"]
[BlackElo "2150"]
[PlyCount "50"]
[EventDate "2023.07.04"]
[EventType "swiss"]
[EventRounds "9"]
[EventCountry "ESP"]
[SourceTitle "CBM 215 Extra"]
[Source "ChessBase"]
[SourceDate "2023.09.30"]
[SourceVersion "1"]
[SourceVersionDate "2023.09.30"]
[SourceQuality "1"]

1. d4 Nf6 2. c4 g6 3. Nc3 Bg7 4. e4 d6 5. f4 c5 6. d5 0-0 7. Nf3 b5 8. cxb5 a6 9. bxa6 Bxa6 10. Bxa6 Nxa6 11. 0-0 Qa5 12. Rb1 Rfb8 13. Bd2 Nb4 14. a4 Nd3 15. Qc2 c4 16. h3 Nh5 17. Kh2 Qb6 18. b3 Qc5 19. g3 Nb4 20. Qc1 cxb3 21. Rxb3 Qc4 22. Qb1 Na6 23. Rxb8+ Rxb8 24. Qc1 Bxc3 25. Bxc3 Rc8 0-1

[Event "Sant Adria de Besos op 17th"]
[Site "Sant Adria de Besos"]
[Date "2023.05.07"]
[Round "3"]
[White "Alcala Valiente, Juan Carlos"]
[Black "Nadal Fajardo, Ricard"]
[Result "0-1"]
[WhiteElo "2082"]
[BlackElo "2187"]
[PlyCount "78"]
[EventDate "2023.04.02"]
[EventType "swiss"]
[EventRounds "9"]
[EventCountry "ESP"]
[SourceTitle "EXT 2024"]
[Source "ChessBase"]
[SourceDate "2023.10.10"]
[SourceVersion "1"]
[SourceVersionDate "2023.10.10"]
[SourceQuality "1"]

1. d4 Nf6 2. c4 e6 3. Nc3 Bb4 4. e3 c5 5. Bd3 Nc6 6. a3 Bxc3+ 7. bxc3 b6 8. Nf3 d6 9. 0-0 e5 10. Qc2 Qe7 11. Nd2 0-0 12. Ne4 h6 13. Nxf6+ Qxf6 14. Bh7+ Kh8 15. Be4 Bb7 16. f4 exd4 17. Bxc6 Bxc6 18. cxd4 cxd4 19. Bb2 d3 20. Bxf6 dxc2 21. Bd4 Be4 22. f5 Bd3 23. Rf4 Rac8 24. Rc1 Rxc4 25. Kf2 Re8 26. g4 f6 27. Kf3 d5 28. h4 Re4 29. Rxe4 Bxe4+ 30. Ke2 Kh7 31. Kd2 h5 32. g5 fxg5 33. f6 Rxd4+ 34. exd4 gxf6 35. hxg5 fxg5 36. Rg1 Kg6 37. Ke3 h4 38. Kf2 Kh5 39. Ke3 h3 0-1

[Event "Barcelona Ideal Clave op 21st"]
[Site "Barcelona"]
[Date "2017.11.18"]
[Round "7"]
[White "Alcala Valiente, Juan Carlos"]
[Black "Sanchez Marin, Joan"]
[Result "0-1"]
[WhiteElo "1981"]
[BlackElo "2015"]
[PlyCount "36"]
[EventDate "2017.09.30"]
[EventType "swiss"]
[EventRounds "8"]
[EventCountry "ESP"]
[SourceTitle "CBM 181 Extra"]
[Source "ChessBase"]
[SourceDate "2017.12.12"]
[SourceVersion "1"]
[SourceVersionDate "2017.12.12"]
[SourceQuality "1"]

1. d4 f5 2. Bg5 h6 3. Bh4 c5 4. e4 Qa5+ 5. c3 cxd4 6. Qh5+ Kd8 7. Qf7 Nf6 8. exf5 dxc3 9. Nxc3 Qxf5 10. Bc4 Nc6 11. Nf3 g5 12. Bg3 e6 13. Nb5 Bb4+ 14. Kf1 e5 15. Rd1 Rh7 16. Qe6 Qc2 17. Rd2 Qc1+ 18. Ne1 Qxe1+ 0-1

[Event "Barcelona Ideal Clave op 21st"]
[Site "Barcelona"]
[Date "2017.10.07"]
[Round "2"]
[White "Rodriguez Guillen, Carlos"]
[Black "Alcala Valiente, Juan Carlos"]
[Result "0-1"]
[WhiteElo "1752"]
[BlackElo "1981"]
[PlyCount "32"]
[EventDate "2017.09.30"]
[EventType "swiss"]
[EventRounds "8"]
[EventCountry "ESP"]
[SourceTitle "CBM 181 Extra"]
[Source "ChessBase"]
[SourceDate "2017.12.12"]
[SourceVersion "1"]
[SourceVersionDate "2017.12.12"]
[SourceQuality "1"]

1. e4 c5 2. Nf3 Nc6 3. d4 cxd4 4. Nxd4 g6 5. Nc3 Bg7 6. Be3 Nf6 7. f3 0-0 8. Qd2 d5 9. Nxc6 bxc6 10. 0-0-0 Qa5 11. Bd3 dxe4 12. Nxe4 Qxa2 13. Nc3 Qa1+ 14. Nb1 Nd5 15. c3 Rb8 16. Bd4 Bh6 0-1

[Event "Barcelona Ideal Clave op 21st"]
[Site "Barcelona"]
[Date "2017.09.30"]
[Round "1"]
[White "Alcala Valiente, Juan Carlos"]
[Black "Ylla Soro, Rafael"]
[Result "1-0"]
[WhiteElo "1981"]
[BlackElo "1561"]
[PlyCount "75"]
[EventDate "2017.09.30"]
[EventType "swiss"]
[EventRounds "8"]
[EventCountry "ESP"]
[SourceTitle "CBM 181 Extra"]
[Source "ChessBase"]
[SourceDate "2017.12.12"]
[SourceVersion "1"]
[SourceVersionDate "2017.12.12"]
[SourceQuality "1"]

1. d4 Nf6 2. c4 g6 3. Nc3 d5 4. Bf4 Bg7 5. Qa4+ c6 6. Bxb8 Rxb8 7. Qxa7 Bf5 8. e3 0-0 9. Nf3 Qc7 10. Qa4 e6 11. Be2 c5 12. 0-0 Ne4 13. Rfc1 Nxc3 14. Rxc3 cxd4 15. Nxd4 Bxd4 16. exd4 dxc4 17. Rxc4 Qb6 18. Qa3 Be4 19. Rac1 Rfd8 20. Qc3 Bd5 21. Rb4 Qd6 22. a3 Kg7 23. Qg3 Bc6 24. Bf3 Qxg3 25. hxg3 Bxf3 26. gxf3 Rd7 27. f4 Kf8 28. Kg2 h5 29. Kf3 f5 30. Ke3 Ke7 31. Rc5 Rd5 32. Rcb5 Rd7 33. Rb6 Rc7 34. a4 Kd7 35. a5 Ra8 36. R4b5 Ra7 37. d5 exd5 38. Rxd5+ 1-0

[Event "Barcelona Sant Marti op-A 19th"]
[Site "Barcelona"]
[Date "2017.07.15"]
[Round "3"]
[White "Carrasco Rodriguez, Jesus"]
[Black "Alcala Valiente, Juan Carlos"]
[Result "1-0"]
[WhiteElo "2181"]
[BlackElo "1987"]
[PlyCount "35"]
[EventDate "2017.07.13"]
[EventType "swiss"]
[EventRounds "9"]
[EventCountry "ESP"]
[SourceTitle "EXT 2018"]
[Source "ChessBase"]
[SourceDate "2017.10.13"]
[SourceVersion "1"]
[SourceVersionDate "2017.10.13"]
[SourceQuality "1"]

1. e4 c5 2. Nc3 Nc6 3. Bb5 g6 4. Bxc6 dxc6 5. f4 Bg7 6. Nf3 Bg4 7. 0-0 e6 8. Qe1 Bxf3 9. Rxf3 Qd4+ 10. Kh1 0-0-0 11. d3 Qd7 12. a4 Ne7 13. a5 Bxc3 14. Qxc3 Qd4 15. Qe1 h5 16. Be3 Qd6 17. Qg1 b6 18. b4 1-0

[Event "Barcelona Sant Marti op-A 19th"]
[Site "Barcelona"]
[Date "2017.07.13"]
[Round "1"]
[White "Larsson, Anders"]
[Black "Alcala Valiente, Juan Carlos"]
[Result "1-0"]
[WhiteElo "2276"]
[BlackElo "1987"]
[PlyCount "69"]
[EventDate "2017.07.13"]
[EventType "swiss"]
[EventRounds "9"]
[EventCountry "ESP"]
[SourceTitle "EXT 2018"]
[Source "ChessBase"]
[SourceDate "2017.10.13"]
[SourceVersion "1"]
[SourceVersionDate "2017.10.13"]
[SourceQuality "1"]

1. e4 c5 2. Nf3 Nc6 3. Bb5 Nf6 4. Nc3 Qc7 5. 0-0 Nd4 6. Re1 Ng4 7. g3 Nxf3+ 8. Qxf3 Ne5 9. Qe3 e6 10. Bf1 a6 11. Bg2 Be7 12. d3 0-0 13. Qe2 Nc6 14. Bf4 d6 15. Qd2 b5 16. Ne2 Rb8 17. c3 e5 18. Be3 b4 19. d4 bxc3 20. bxc3 cxd4 21. cxd4 exd4 22. Nxd4 Nxd4 23. Bxd4 Be6 24. Rec1 Qd7 25. f4 f5 26. exf5 Bxf5 27. Bc6 Qd8 28. Bg2 Bf6 29. Rc6 a5 30. Rd1 Bg4 31. Rdc1 Rb4 32. Bf2 Rb2 33. Qd5+ Kh8 34. h3 Bh5 35. Qxh5 1-0

[Event "Barcelona Ideal Clave op 20th"]
[Site "Barcelona"]
[Date "2016.10.01"]
[Round "1"]
[White "Fernandez Garcia, Jesus"]
[Black "Alcala Valiente, Juan Carlos"]
[Result "0-1"]
[WhiteElo "1616"]
[BlackElo "1998"]
[PlyCount "50"]
[EventDate "2016.10.01"]
[EventType "swiss"]
[EventRounds "8"]
[EventCountry "ESP"]
[SourceTitle "EXT 2018"]
[Source "ChessBase"]
[SourceDate "2017.10.13"]
[SourceVersion "1"]
[SourceVersionDate "2017.10.13"]
[SourceQuality "1"]

1. e4 c5 2. Bc4 Nc6 3. d3 e6 4. c3 d5 5. exd5 exd5 6. Bb5 a6 7. Bxc6+ bxc6 8. Qf3 Nf6 9. h3 Be7 10. Ne2 0-0 11. Bf4 Qb6 12. Nd2 Qxb2 13. 0-0 Bf5 14. Rfc1 Bg6 15. Nf1 Qb7 16. Rab1 Qd7 17. Nfg3 c4 18. Rb6 cxd3 19. Nd4 Bc5 20. Rxc6 Bxd4 21. cxd4 Rac8 22. Rc7 Rxc7 23. Rxc7 Qa4 24. Be5 d2 25. Nf5 d1Q+ 0-1

[Event "Barcelona Sants op-A18th"]
[Site "Barcelona"]
[Date "2016.08.19"]
[Round "1"]
[White "Alcala Valiente, Juan Carlos"]
[Black "Vehi Bach, Victor Manuel"]
[Result "0-1"]
[WhiteElo "1998"]
[BlackElo "2318"]
[PlyCount "30"]
[EventDate "2016.08.19"]
[EventType "swiss"]
[EventRounds "10"]
[EventCountry "ESP"]
[SourceTitle "CBM 174 Extra"]
[Source "ChessBase"]
[SourceDate "2016.10.10"]
[SourceVersion "1"]
[SourceVersionDate "2016.10.10"]
[SourceQuality "1"]

1. b3 e5 2. Bb2 Nc6 3. e3 g6 4. Bb5 Bg7 5. d4 exd4 6. Bxc6 dxc6 7. Bxd4 Nf6 8. Qc1 c5 9. Be5 0-0 10. Qb2 Re8 11. Bc3 b5 12. b4 cxb4 13. Qxb4 Nd5 14. Qc5 Nxc3 15. Nxc3 Qe7 0-1

[Event "Foment Martinenc op-A 18th"]
[Site "Barcelona"]
[Date "2016.06.18"]
[Round "9"]
[White "Franzoni Ladron, Enric"]
[Black "Alcala Valiente, Juan Carlos"]
[Result "0-1"]
[WhiteElo "1882"]
[BlackElo "2122"]
[PlyCount "68"]
[EventDate "2016.04.23"]
[EventType "swiss"]
[EventRounds "9"]
[EventCountry "ESP"]
[SourceTitle "EXT 2017"]
[Source "ChessBase"]
[SourceDate "2016.10.25"]
[SourceVersion "1"]
[SourceVersionDate "2016.10.25"]
[SourceQuality "1"]

1. e4 c5 2. Nf3 Nc6 3. d4 cxd4 4. Nxd4 e5 5. Nb5 d6 6. c4 a6 7. N5a3 Nf6 8. Nc3 Be6 9. Be2 Be7 10. Be3 0-0 11. 0-0 Nd7 12. Nd5 Bg5 13. Nc2 Bxe3 14. Ndxe3 Nc5 15. f3 a5 16. Qd2 f5 17. exf5 Bxf5 18. Nxf5 Rxf5 19. Rfd1 Rf4 20. Qd5+ Kh8 21. Qxd6 Qb6 22. Kh1 Rd8 23. Qxd8+ Nxd8 24. b3 Nde6 25. Ne3 Rd4 26. Nd5 Qd8 27. Kg1 Qg5 28. Kf2 h5 29. g3 h4 30. Rac1 Nd3+ 31. Bxd3 Rxd3 32. f4 hxg3+ 33. Ke2 Rxd1 34. fxg5 Rxc1 0-1

[Event "Foment Martinenc op-A 18th"]
[Site "Barcelona"]
[Date "2016.05.14"]
[Round "4"]
[White "Alcala Valiente, Juan Carlos"]
[Black "Cabot Muntane, Jordi"]
[Result "1-0"]
[WhiteElo "2122"]
[BlackElo "1860"]
[PlyCount "35"]
[EventDate "2016.04.23"]
[EventType "swiss"]
[EventRounds "9"]
[EventCountry "ESP"]
[SourceTitle "EXT 2017"]
[Source "ChessBase"]
[SourceDate "2016.10.25"]
[SourceVersion "1"]
[SourceVersionDate "2016.10.25"]
[SourceQuality "1"]

1. d4 g6 2. c4 Bg7 3. Nc3 d6 4. e4 Nd7 5. f4 e5 6. fxe5 dxe5 7. d5 Ne7 8. Nf3 0-0 9. Bd3 f6 10. Be3 a6 11. 0-0 Re8 12. c5 Kh8 13. d6 cxd6 14. cxd6 Nc6 15. Nd5 Rb8 16. Nc7 Bf8 17. Bc4 Kg7 18. Qd5 1-0

[Event "Foment Martinenc op-A 18th"]
[Site "Barcelona"]
[Date "2016.05.07"]
[Round "3"]
[White "Alvarez Albiol, Victor"]
[Black "Alcala Valiente, Juan Carlos"]
[Result "1-0"]
[WhiteElo "1967"]
[BlackElo "2122"]
[PlyCount "39"]
[EventDate "2016.04.23"]
[EventType "swiss"]
[EventRounds "9"]
[EventCountry "ESP"]
[SourceTitle "EXT 2017"]
[Source "ChessBase"]
[SourceDate "2016.10.25"]
[SourceVersion "1"]
[SourceVersionDate "2016.10.25"]
[SourceQuality "1"]

1. e4 c5 2. Nf3 Nc6 3. d4 cxd4 4. Nxd4 g6 5. c4 Bg7 6. Be3 Nh6 7. Nc3 0-0 8. Be2 f5 9. exf5 Bxd4 10. Bxh6 Rxf5 11. 0-0 Qb6 12. Bf3 Ne5 13. Nd5 Nxf3+ 14. gxf3 Qc5 15. b4 Qxc4 16. Nxe7+ Kf7 17. Nxf5 gxf5 18. Rc1 Qxb4 19. Qd3 d5 20. Rxc8 1-0

[Event "Barcelona Vila de Gracia op 9th"]
[Site "Barcelona"]
[Date "2015.11.27"]
[Round "9"]
[White "Alcala Valiente, Juan Carlos"]
[Black "Palacios Pena, Gerardo"]
[Result "1/2-1/2"]
[WhiteElo "2192"]
[BlackElo "2086"]
[PlyCount "55"]
[EventDate "2015.10.02"]
[EventType "swiss"]
[EventRounds "9"]
[EventCountry "ESP"]
[SourceTitle "CBM 169 Extra"]
[Source "ChessBase"]
[SourceDate "2015.12.18"]
[SourceVersion "1"]
[SourceVersionDate "2015.12.18"]
[SourceQuality "1"]

1. d4 d5 2. c4 c6 3. Nc3 Nf6 4. Nf3 Bf5 5. Qb3 Qb6 6. c5 Qc7 7. Bf4 Qc8 8. e3 Nbd7 9. Nh4 Bg6 10. Nxg6 hxg6 11. 0-0-0 e6 12. f3 b6 13. cxb6 axb6 14. Kb1 Be7 15. g4 Qb7 16. Bg2 Bd8 17. e4 Bc7 18. Bg3 Bxg3 19. hxg3 Rxh1 20. Rxh1 0-0-0 21. Rc1 Kb8 22. Qa4 b5 23. Qb4 Nb6 24. e5 Ng8 25. b3 Qe7 26. Qa5 Qa7 27. Qb4 Qe7 28. Qa5 1/2-1/2

[Event "Barcelona Vila de Gracia op 9th"]
[Site "Barcelona"]
[Date "2015.11.06"]
[Round "6"]
[White "Moratinos Izquierdo, Francisco"]
[Black "Alcala Valiente, Juan Carlos"]
[Result "1/2-1/2"]
[WhiteElo "2129"]
[BlackElo "2192"]
[PlyCount "55"]
[EventDate "2015.10.02"]
[EventType "swiss"]
[EventRounds "9"]
[EventCountry "ESP"]
[SourceTitle "CBM 169 Extra"]
[Source "ChessBase"]
[SourceDate "2015.12.18"]
[SourceVersion "1"]
[SourceVersionDate "2015.12.18"]
[SourceQuality "1"]

1. c4 f5 2. Nc3 Nf6 3. d3 e6 4. e4 fxe4 5. dxe4 Nc6 6. Bd3 Bc5 7. Nh3 0-0 8. 0-0 Ne5 9. b3 Nxd3 10. Qxd3 d6 11. Na4 Bb6 12. Nxb6 axb6 13. f4 e5 14. Bb2 Bxh3 15. Qxh3 Qd7 16. fxe5 Qxh3 17. gxh3 Nxe4 18. Rxf8+ Kxf8 19. Kg2 Kf7 20. Kf3 Ng5+ 21. Kg4 Ne6 22. exd6 cxd6 23. Bc3 Rd8 24. Rd1 Nc7 25. Bd4 b5 26. Bb6 Rd7 27. Bxc7 Rxc7 28. cxb5 1/2-1/2

[Event "Barcelona op rap"]
[Site "Barcelona"]
[Date "1996.12.15"]
[Round "8"]
[White "Alcala Valiente, Juan Carlos"]
[Black "Navarro Gomis, Joan"]
[Result "1-0"]
[WhiteElo "2190"]
[BlackElo "2045"]
[PlyCount "51"]
[EventDate "1996.12.??"]
[EventType "swiss (rapid)"]
[EventRounds "8"]
[EventCountry "ESP"]
[SourceTitle "EXT 2001"]
[Source "ChessBase"]
[SourceDate "2000.11.22"]
[SourceVersion "1"]
[SourceVersionDate "2000.11.22"]
[SourceQuality "1"]

1. d4 Nf6 2. c4 g6 3. Nc3 Bg7 4. e4 d6 5. f4 0-0 6. Nf3 c5 7. d5 a6 8. a4 Ne8 9. Be2 f5 10. e5 e6 11. 0-0 exd5 12. cxd5 dxe5 13. fxe5 Nc7 14. Bc4 Kh8 15. Bg5 Qe8 16. e6 h6 17. Bf4 Bxc3 18. bxc3 b5 19. axb5 axb5 20. Rxa8 Nxa8 21. Ba2 Na6 22. Bxh6 Rg8 23. Ng5 Bb7 24. Qe1 Qe7 25. Qe5+ Rg7 26. Nf7+ 1-0

[Event "Barcelona op rap"]
[Site "Barcelona"]
[Date "1996.12.14"]
[Round "2"]
[White "Alcala Valiente, Juan Carlos"]
[Black "Marciano, David"]
[Result "0-1"]
[WhiteElo "2190"]
[BlackElo "2480"]
[PlyCount "60"]
[EventDate "1996.12.??"]
[EventType "swiss (rapid)"]
[EventRounds "8"]
[EventCountry "ESP"]
[SourceTitle "EXT 2001"]
[Source "ChessBase"]
[SourceDate "2000.11.22"]
[SourceVersion "1"]
[SourceVersionDate "2000.11.22"]
[SourceQuality "1"]

1. d4 Nf6 2. c4 e6 3. Nc3 Bb4 4. f3 d5 5. a3 Bxc3+ 6. bxc3 c5 7. cxd5 Nxd5 8. Qd3 b6 9. Qb5+ Nd7 10. e4 Nxc3 11. Qd3 cxd4 12. Qxd4 Qf6 13. e5 Nxe5 14. Qxc3 Nd3+ 15. Qxd3 Qxa1 16. Qe3 0-0 17. Nh3 Rd8 18. Be2 Bb7 19. Kf2 Rac8 20. Bd3 h6 21. Rd1 Rxd3 22. Rxd3 Qxc1 23. Qxc1 Rxc1 24. Rd8+ Kh7 25. Rd7 Bd5 26. Rxa7 e5 27. Ke3 Re1+ 28. Kd2 Rh1 29. Ra6 Rxh2 30. Rxb6 Rxg2+ 0-1

[Event "Terrassa op"]
[Site "Terrassa"]
[Date "1996.??.??"]
[Round "4"]
[White "Eslon, Jaan"]
[Black "Alcala Valiente, Juan Carlos"]
[Result "1-0"]
[WhiteElo "2375"]
[BlackElo "2190"]
[PlyCount "43"]
[EventDate "1996.07.??"]
[EventType "swiss"]
[EventRounds "9"]
[EventCountry "ESP"]
[SourceTitle "EXT 2002"]
[Source "ChessBase"]
[SourceDate "2001.11.25"]
[SourceVersion "1"]
[SourceVersionDate "2001.11.25"]
[SourceQuality "1"]

1. d4 Nf6 2. Nf3 b6 3. Bg5 Ne4 4. Bh4 h6 5. Nbd2 Bb7 6. Nxe4 Bxe4 7. e3 Qc8 8. Nd2 Qb7 9. Nxe4 Qxe4 10. Bg3 Qb7 11. Be2 d5 12. 0-0 e6 13. c4 Be7 14. Rc1 c6 15. cxd5 exd5 16. Qc2 0-0 17. Bxb8 Raxb8 18. Qxc6 Qxc6 19. Rxc6 Rb7 20. Rfc1 Rd8 21. g3 g6 22. Ba6 1-0